| 000 | 01150cam a2200361 a 4500 | ||
|---|---|---|---|
| 005 | 20260322212014.0 | ||
| 008 | data | ||
| 010 | _a 98189580 | ||
| 020 | _a0670878847 (alk. paper) | ||
| 020 | _a9780670878840 (alk. paper) | ||
| 040 |
_aViLeC _cViLeC _dDLC _dDLC |
||
| 042 | _alccopycat | ||
| 043 | _an-us-tx | ||
| 050 | 0 | 0 |
_aPS3563.I7358 _bM6 1998b |
| 082 | 0 | 0 |
_a813/.54 _221 |
| 100 | 1 | _aMitchard, Jacquelyn. | |
| 245 | 1 | 4 |
_aThe most wanted / _cJacquelyn Mitchard. |
| 260 |
_aNew York : _bViking, _c1998. |
||
| 300 |
_axii, 407 p. ; _c24 cm. |
||
| 650 | 0 |
_aMothers and daughters _xFiction. |
|
| 650 | 0 |
_aFugitives from justice _xFiction. |
|
| 650 | 0 |
_aPrisoners' spouses _xFiction. |
|
| 650 | 0 |
_aFemale friendship _xFiction. |
|
| 650 | 0 |
_aWomen lawyers _xFiction. |
|
| 651 | 0 |
_aTexas _xFiction. |
|
| 655 | 7 |
_aDomestic fiction. _2lcsh |
|
| 906 |
_a7 _bcbc _ccopycat _d2 _encip _f19 _gy-gencatlg |
||
| 920 | _a**LC HAS REQ'D # OF SHELF COPIES** | ||
| 922 | _aco | ||
| 991 |
_bc-GenColl _hPS3563.I7358 _iM6 1998b _p00057163550 _tCopy 1 _wBOOKS |
||
| 001 | data | ||
| 999 |
_c288 _d288 |
||